| 000 | 00414nam a2200133Ia 4500 | ||
|---|---|---|---|
| 008 | 210210b1970 xxu||||| |||| 00| 0 eng d | ||
| 082 | _a020 RAJE | ||
| 100 | _aRAJAGOPALAN (T S), Compd. | ||
| 245 | _aEssays in Library Science: Book selection, Reference service, Physical Bibliography & Document Bibliography. | ||
| 260 |
_aND _bM Rajagopalan _c1970 |
||
| 300 | _a222 | ||
| 690 | _aLibrary Science | ||
| 906 | _a031671 | ||
| 999 |
_c82863 _d82863 |
||